000 01011pam a2200289 a 4500
999 _c8153
_d8153
001 2386214
003 GZU
005 20210517121050.0
008 850423s1985 ne a b 001 0 eng
010 _a 85009201
020 _a0915027372 (alk. paper) :
_c30.00
020 _a0915027380 (pbk. : alk. paper) :
_c$20.00
040 _aDLC
_cDLC
_dDLC
050 0 0 _aP241
_b.B9 1985
082 0 0 _a415
_219
100 1 _aBybee, Joan L.
245 1 0 _aMorphology :
_ba study of the relation between meaning and form /
_cJoan L. Bybee.
260 _aAmsterdam ;
_aPhiladelphia :
_bJ. Benjamins,
_c1985.
300 _axii, 234 p. :
_bill. ;
_c23 cm.
440 0 _aTypological studies in language,
_x0167-7373 ;
_vv. 9
500 _aIncludes index.
504 _aBibliography: p. [217]-229.
650 0 _aGrammar, Comparative and general
_xMorphology.
650 0 _aGrammar, Comparative and general
_xGrammatical categories.
906 _a7
_bcbc
_corignew
_d1
_eocip
_f19
_gy-gencatlg
942 _2lcc
_cBK
_h241
_iBYB
_kP
_m1985